| 000 | 00348nam a22001577a 4500 | ||
|---|---|---|---|
| 003 | SGT | ||
| 020 | _a9781944883881 | ||
| 082 |
_a617.8 _bC16S |
||
| 100 | _aSTACH, BRAD A. | ||
| 245 | _aCLINICAL AUDIOLOGY AN INTRODUCTION | ||
| 250 | _a2ND | ||
| 260 |
_aSAN DIEGO _bPLURAL PUB _c2016 |
||
| 300 | _a788 | ||
| 650 | _aAUDIOLOGY | ||
| 942 |
_2ddc _cBK |
||
| 999 |
_c31308 _d31308 |
||